Rajské pahorky koní
Príbeh z divokého západu
| Main Author: | |
|---|---|
| Other Authors: | |
| Format: | CD Audio |
| Language: | Slovak English |
| PhysicalDescription: | 1 elektronický optický disk (CD-ROM) digitálny, mono, MP3 12 cm |
| Published: |
Levoča
Slovenská knižnica pre nevidiacich Mateja Hrebendu
2021
|
| ISBN: | 9788018101315 |
| Subjects: |
MARC
| LEADER | 00000nim a2200000 a 4500 | ||
|---|---|---|---|
| 001 | vtls012071091 | ||
| 003 | SK-MaSNL | ||
| 005 | 20260301150537.0 | ||
| 007 | sd fsngnnmmnud | ||
| 008 | 210930s2021 xo nnnnfs f n slo | ||
| 015 | |a SNBJ2023 | ||
| 020 | |a 9788018101315 |q (zvuková kniha) | ||
| 040 | |a SNK |b slo |c SNK |e AACR2 | ||
| 041 | 1 | |a slo |h eng | |
| 044 | |a xo |c SK | ||
| 080 | |a (086.76) |2 2001 | ||
| 100 | 1 | |a Grey, Zane, |d 1872-1939 |4 aut |9 151671 | |
| 245 | 1 | 0 | |a Rajské pahorky koní |h elektronický zdroj |c Zane Grey ; číta: Igor Makovický |
| 260 | |a Levoča |b Slovenská knižnica pre nevidiacich Mateja Hrebendu |c 2021 | ||
| 300 | |a 1 elektronický optický disk (CD-ROM) |b digitálny, mono, MP3 |c 12 cm | ||
| 306 | |a 070000 | ||
| 520 | 8 | |a Príbeh z divokého západu | |
| 521 | |a pre nevidiacich, slabozrakých a inak zdravotne postihnutých | ||
| 655 | 7 | |a zvukové záznamy |2 SNKPH |9 70720 | |
| 655 | 7 | |a CD-ROM |2 SNKPH |9 70236 | |
| 655 | 7 | |a americké romány |2 SNKPH |9 1174 | |
| 655 | 7 | |a dobrodružné romány |2 SNKPH |9 70486 | |
| 700 | 1 | |a Makovický, Igor |4 nrt |9 302674 | |
| 752 | |a Slovensko |d Levoča | ||
| 919 | |a 978-80-18-10131-5 | ||
| 999 | |c 783913 |d 785843 | ||
| 952 | |t 1 |a SNK |b SNK |c SNK_KF |y PREZ |7 0 |p 17A1529971 |o snkSCD 6264 |i snk2023/9606 |8 0 |0 0 |1 0 |2 udc |4 0 |d 2023-06-16 |l 0 |r 2026-02-24 01:12:00 |w 2026-02-24 | ||


